01017cam a22002651 450000100060000000300080000600500170001400800390003103500190007003500180008904000430010704100080015008200220015810000450018024500860022526000360031130000320034750001470037950000630052650400470058965000180063665000320065465000210068673000440070711281BD-RjUL20211208235111.0140126s1965 xx 001 0 eng a(BD-RjUL)11330 a(OCoLC)766023 aDLCcOTUdOCoLCdUkdDLCdBD-RjULbeng aeng a547.134bPED 19651 aPerrin, D. D.q(Douglas Dalzell),d1922-10aDissociation constants of organic bases in aqueous solution /c[by] D. D. Perrin. aLondon :bButterworths,cc1965. avii, 473, xlii p. ;c26 cm. aAt head of title: International Union of Pure and Applied Chemistry, Analytical Chemistry Division, Commission on Electroanalytical Chemistry. a"Published as a supplement to Pure and applied chemistry." aBibliography: p. 452-473 & Includes Index. 0aDissociation. 0aChemistry, OrganicxTables. 0aElectrochemistry0 aPure and Applied Chemistry. Supplement.